[Event "Kosice Kotan Memorial 3rd"]
[Site "Kosice"]
[Date "2011.06.29"]
[Round "6"]
[White "Serbin, Rastislav"]
[Black "Zigo, Pavol"]
[Result "0-1"]
[WhiteElo "1934"]
[BlackElo "1811"]
[PlyCount "90"]
[EventDate "2011.06.25"]
[EventType "swiss"]
[EventRounds "9"]
[EventCountry "SVK"]
[SourceTitle "EXT 2012"]
[Source "ChessBase"]
[SourceDate "2011.11.24"]
[SourceVersion "1"]
[SourceVersionDate "2011.11.24"]
[SourceQuality "1"]

1. d4 Nf6 2. Nf3 e6 3. c4 d5 4. Nc3 c6 5. Bg5 Be7 6. e3 Nbd7 7. Rc1 0-0 8. Bd3 Re8 9. 0-0 dxc4 10. Bxc4 Nd5 11. Bxe7 Nxe7 12. Ne4 Nb6 13. Bd3 h6 14. Ne5 f6 15. Nf3 Nbd5 16. Bb1 f5 17. Ng3 Nf6 18. Ne5 g6 19. h4 Kg7 20. f4 h5 21. Qe2 Ng4 22. Nxg4 hxg4 23. Kf2 Nd5 24. h5 g5 25. Rh1 Kh6 26. Qd2 a5 27. Ne2 gxf4 28. exf4 Qd6 29. a3 Bd7 30. g3 b6 31. Rh4 Nf6 32. Rch1 c5 33. Rd1 Ba4 34. Re1 Qd5 35. Qe3 Bc6 36. Rh2 Qf3+ 37. Qxf3 gxf3 38. Nc1 Ng4+ 39. Kg1 Nxh2 40. Kxh2 c4 41. Kg1 Rad8 42. Rd1 Rd6 43. Kf2 Red8 44. Ke3 Rxd4 45. Rxd4 Rxd4 0-1

[Event "Kosice Kotan Memorial 3rd"]
[Site "Kosice"]
[Date "2011.06.28"]
[Round "5"]
[White "Gorbatenko, Kateryna"]
[Black "Serbin, Rastislav"]
[Result "1-0"]
[WhiteElo "2145"]
[BlackElo "1934"]
[PlyCount "95"]
[EventDate "2011.06.25"]
[EventType "swiss"]
[EventRounds "9"]
[EventCountry "SVK"]
[SourceTitle "EXT 2012"]
[Source "ChessBase"]
[SourceDate "2011.11.24"]
[SourceVersion "1"]
[SourceVersionDate "2011.11.24"]
[SourceQuality "1"]

1. d4 Nf6 2. c4 e6 3. Nf3 d5 4. Nc3 Nbd7 5. Bf4 c6 6. e3 Be7 7. c5 0-0 8. h3 Ne4 9. Qc2 Qa5 10. Bd3 f5 11. Qa4 Qxa4 12. Nxa4 b5 13. Nc3 a5 14. Ne5 Nxe5 15. Bxe5 Nxc3 16. bxc3 b4 17. Kd2 Ba6 18. Rhb1 Bd8 19. Kc2 bxc3 20. a4 Bxd3+ 21. Kxd3 Rf7 22. Kxc3 g5 23. g3 h5 24. Rb2 Bc7 25. Bxc7 Rxc7 26. Rab1 Kf7 27. Kd3 Raa7 28. Rb8 Kg7 29. R1b6 g4 30. h4 Kf7 31. Ke2 Kg7 32. f3 Kf7 33. Rh8 Kg6 34. Rg8+ Kh6 35. Re8 Re7 36. Rxe7 Rxe7 37. Rxc6 Kg7 38. Ra6 Rb7 39. Rb6 Re7 40. Rb5 Ra7 41. fxg4 fxg4 42. e4 Kf6 43. Ke3 Kg6 44. exd5 exd5 45. Kf4 Re7 46. Rb6+ Kg7 47. Kg5 Re4 48. c6 1-0

[Event "SVK-chT2D 10/11"]
[Site "Slovakia"]
[Date "2010.10.23"]
[Round "1.4"]
[White "Valentik, Roman"]
[Black "Serbin, Rastislav"]
[Result "0-1"]
[WhiteElo "1735"]
[BlackElo "1949"]
[PlyCount "68"]
[EventDate "2010.10.23"]
[EventType "team-tourn"]
[EventRounds "11"]
[EventCountry "SVK"]
[SourceTitle "EXT 2019"]
[Source "ChessBase"]
[SourceDate "2018.10.10"]
[SourceVersion "1"]
[SourceVersionDate "2018.10.10"]
[SourceQuality "1"]
[WhiteTeam "Kosice 1 CC"]
[BlackTeam "Kosice Slavia UPJS IV"]
[WhiteTeamCountry "SVK"]
[BlackTeamCountry "SVK"]

1. e4 e5 2. Nf3 Nf6 3. Nc3 Nc6 4. Bc4 Nxe4 5. Bxf7+ Kxf7 6. Nxe4 d5 7. Neg5+ Kg8 8. d3 Qf6 9. c3 h6 10. Nh3 Bg4 11. Nhg1 Re8 12. Qb3 e4 13. dxe4 Rxe4+ 14. Be3 Qe6 15. 0-0-0 Rc4 16. h3 Bh5 17. g4 Bg6 18. Nd2 b6 19. Ne2 Na5 20. Qb5 c6 21. Qa6 Ra4 22. Nd4 Qd7 23. Qe2 Rxa2 24. Nc2 c5 25. f4 Bxc2 26. Bf2 Qa4 27. Qe6+ Kh7 28. f5 Ra1+ 29. Nb1 Nb3+ 30. Kxc2 Nd4+ 31. Kd2 Qc2+ 32. Ke3 Qe2+ 33. Kf4 Qf3+ 34. Ke5 Qe4# 0-1

[Event "SVK-chT2D 0910"]
[Site "Slovakia"]
[Date "2010.01.10"]
[Round "7.3"]
[White "Serbin, Rastislav"]
[Black "Krajnak, Juraj"]
[Result "1/2-1/2"]
[WhiteElo "1939"]
[BlackElo "2121"]
[PlyCount "56"]
[EventDate "2009.10.10"]
[EventType "team"]
[EventRounds "11"]
[EventCountry "SVK"]
[SourceTitle "EXT 2011"]
[Source "ChessBase"]
[SourceDate "2010.11.26"]
[SourceVersion "1"]
[SourceVersionDate "2010.11.26"]
[SourceQuality "1"]
[WhiteTeam "Kosice Slavia IV"]
[BlackTeam "Kezmarok II"]
[WhiteTeamCountry "SVK"]
[BlackTeamCountry "SVK"]

1. d4 c5 2. d5 e5 3. e4 d6 4. Nc3 g6 5. Be3 Bg7 6. Qd2 a6 7. a4 b6 8. f3 Nd7 9. g4 h5 10. g5 Ne7 11. h4 Ra7 12. Bc4 0-0 13. Kf1 Kh7 14. Kg2 f5 15. Nh3 f4 16. Bf2 Nb8 17. Rhb1 Rb7 18. Ng1 Ng8 19. Qe2 Rbf7 20. Qe1 Bd7 21. b3 Qc8 22. Qe2 Bg4 23. Rb2 Bd7 24. Rab1 a5 25. Qd1 Qd8 26. Qe1 Bg4 27. Qd1 Bc8 28. Qf1 Ne7 1/2-1/2

[Event "SVK-chT2D 0910"]
[Site "Slovakia"]
[Date "2010.01.09"]
[Round "6.3"]
[White "Turcan, Martin"]
[Black "Serbin, Rastislav"]
[Result "0-1"]
[WhiteElo "2003"]
[BlackElo "1939"]
[PlyCount "53"]
[EventDate "2009.10.10"]
[EventType "team"]
[EventRounds "11"]
[EventCountry "SVK"]
[SourceTitle "EXT 2011"]
[Source "ChessBase"]
[SourceDate "2010.11.26"]
[SourceVersion "1"]
[SourceVersionDate "2010.11.26"]
[SourceQuality "1"]
[WhiteTeam "Prakovce"]
[BlackTeam "Kosice Slavia IV"]
[WhiteTeamCountry "SVK"]
[BlackTeamCountry "SVK"]

1. d4 d5 2. c4 e6 3. Nc3 Nf6 4. Nf3 Nbd7 5. Bg5 c6 6. e3 Qa5 7. Bxf6 Nxf6 8. Nd2 Bb4 9. Qc2 0-0 10. Be2 b5 11. cxb5 cxb5 12. 0-0 Bd7 13. Nb3 Qb6 14. Qd3 a6 15. Rfc1 Rac8 16. f3 Bc6 17. a3 Bd6 18. f4 Ne4 19. Nxe4 dxe4 20. Qd1 Bd5 21. Nd2 Bxf4 22. exf4 Qxd4+ 23. Kh1 Qxb2 24. a4 e3 25. Nf3 Bb3 26. Rxc8 Bxd1 27. Rxf8+ 0-1

[Event "Bratislava Doprastav op"]
[Site "Bratislava"]
[Date "2009.07.10"]
[Round "8"]
[White "Serbin, Rastislav"]
[Black "Danada, Tomas"]
[Result "1-0"]
[WhiteElo "1941"]
[BlackElo "1723"]
[PlyCount "79"]
[EventDate "2009.07.04"]
[EventType "swiss"]
[EventRounds "9"]
[EventCountry "SVK"]
[SourceTitle "EXT 2015"]
[Source "ChessBase"]
[SourceDate "2014.11.20"]
[SourceVersion "1"]
[SourceVersionDate "2014.11.20"]
[SourceQuality "1"]

1. d4 Nf6 2. Nc3 d5 3. Bf4 Bf5 4. f3 c6 5. g4 Bg6 6. Qd2 Nbd7 7. h4 h6 8. Bg2 e6 9. 0-0-0 b5 10. e3 b4 11. Nb1 Qa5 12. a3 Qb6 13. Ne2 bxa3 14. bxa3 e5 15. dxe5 Rb8 16. Qc3 Qxb1+ 17. Kd2 Qb2 18. exf6 Bxa3 19. fxg7 Rg8 20. Rb1 Qxc3+ 21. Nxc3 Rxb1 22. Nxb1 Bb2 23. h5 Bh7 24. c3 Rxg7 25. Bxh6 Rg8 26. Bf4 Nc5 27. Bd6 Nb3+ 28. Ke2 Nc1+ 29. Kf2 Bxb1 30. Be5 Nd3+ 31. Kg3 Nxe5 32. Rxb1 f5 33. Rxb2 fxg4 34. Rb8+ Kf7 35. Rxg8 Kxg8 36. fxg4 a5 37. e4 d4 38. cxd4 a4 39. dxe5 a3 40. Bf1 1-0

[Event "Bratislava Doprastav op"]
[Site "Bratislava"]
[Date "2009.07.09"]
[Round "7"]
[White "Serbin, Rastislav"]
[Black "Bury, Rastislav"]
[Result "0-1"]
[WhiteElo "1941"]
[BlackElo "2065"]
[PlyCount "106"]
[EventDate "2009.07.04"]
[EventType "swiss"]
[EventRounds "9"]
[EventCountry "SVK"]
[SourceTitle "EXT 2015"]
[Source "ChessBase"]
[SourceDate "2014.11.20"]
[SourceVersion "1"]
[SourceVersionDate "2014.11.20"]
[SourceQuality "1"]

1. d4 d5 2. c4 e6 3. Nc3 Nf6 4. Bg5 c6 5. Nf3 dxc4 6. a4 Bb4 7. Bxf6 Qxf6 8. e3 b5 9. axb5 cxb5 10. Be2 Bb7 11. 0-0 Bxc3 12. bxc3 a6 13. Rb1 0-0 14. Ne5 Qe7 15. Bf3 Bxf3 16. Qxf3 Ra7 17. Ra1 Qc7 18. Rfb1 f6 19. Ng4 Nd7 20. e4 Rb8 21. d5 Ne5 22. Qg3 Nxg4 23. Qxg4 exd5 24. exd5 Qe5 25. Qf3 Rd8 26. Re1 Qxd5 27. Rad1 Qa8 28. Qe3 Rxd1 29. Qe6+ Kf8 30. Rxd1 Re7 31. Qd6 Qc8 32. h3 Qe6 33. Qb8+ Kf7 34. Qa8 Qe2 35. Qd5+ Qe6 36. Qh5+ Kf8 37. Qxh7 Rd7 38. Qh8+ Kf7 39. Qh5+ Kg8 40. Ra1 Rd5 41. Qf3 Rd3 42. Qh5 Rxc3 43. g3 Qe5 44. Qxe5 fxe5 45. Rxa6 Rc1+ 46. Kg2 b4 47. Rb6 b3 48. Kf3 Rc2 49. Ke3 b2 50. f4 exf4+ 51. Kxf4 c3 52. Rb8+ Kh7 53. Rb5 Rc1 0-1